000 01917nam0a2200385 4500
001 RU\NLR\bibl\194717
005 20260407072439.0
010 _a5-88200-268-0
_bобщ.
010 _a5-88200-269-9
_950
021 _aRU
_b98-2029
_997
035 _a(NLR Aleph) 000191201
090 _a1105826
_c1105826
100 _a20011022d1997 |||y0rusy50 ca
101 0 _arus
102 _aRU
105 _aa |||||||||
200 1 _aТезисы докладов итоговой научной конференции АГПУ (29 ап. 1997 г.)
_iАнатомия и физиология человека и животных. Физико-химические и математические методы в аналитической химии. Химия
_fМ-во общ. и проф. образования РФ, Астрах. гос. пед. ун-т
210 _aАстрахань
_cИзд-во АГПУ
_d1997
215 _a52 с.
_cил., граф.
_d21
606 0 _aХимия
_jТезисы докладов
_9898913
_3RU\NLR\auth\666296
606 0 _aАнатомия
_jСъезды, совещания и т.п.
_9965484
_3RU\NLR\auth\6642375
606 0 _aАнатомия
_jТезисы докладов
_9965484
_3RU\NLR\auth\6642375
606 0 _aФизиология
_jСъезды, совещания и т.п.
_9893347
_3RU\NLR\auth\663241
606 0 _aФизиология
_jТезисы докладов
_9893347
_3RU\NLR\auth\663241
686 _aГ.я431(2)
686 _aЕ860я431(2)
686 _aЕ660я431(2)
686 _aЕ903я431(2)
710 0 2 _aАстраханский государственный педагогический университет
_bНаучная конференция
_f1997
_3RU\NLR\AUTH\8810036292
_9571199
801 0 _aRU
_bNLR
_c20011022
_gPSBO
801 1 _aRU
_bNLR
_c20011022
852 _aNLR
_j2001-4/975
942 _cBOOK
980 _aNB